Statistics for Fight Song Rachel Platton Lyrics

Click here to take the quiz!

General Stats

  • This quiz has been taken 1,118 times
  • The average score is 114 of 151

Answer Stats

HintAnswer% Correct
I
99%
a
98%
My
97%
my
97%
song
97%
fight
96%
Chorus:This
95%
this
95%
In
94%
in
94%
is
94%
the
93%
an
91%
On
91%
on
91%
back
88%
Take
88%
life
87%
and
85%
| Pre - Chorus:And
85%
Can
85%
can
85%
| Verse 1:Like
85%
ocean
85%
hear
84%
small
84%
be
83%
big
83%
boat
83%
all
82%
waves
82%
I'm
80%
make
79%
Say
79%
say
79%
you
79%
But
77%
Prove
77%
things
77%
didn't
76%
inside
76%
me
76%
motion
76%
one
76%
Sending
76%
balls
75%
brain
75%
explosion
75%
have
75%
single
75%
Wrecking
75%
don't
74%
only
74%
open
74%
right
74%
those
74%
alright
73%
care
73%
got
73%
heart
73%
I'll
73%
Into
73%
of
73%
still
73%
strong
73%
voice
73%
how
72%
word
72%
left
71%
power's
71%
really
71%
believe
70%
lot
70%
now
70%
time
70%
tonight
70%
turned
69%
else
68%
if
68%
nobody
68%
scream
68%
match
67%
will
66%
'Cause
64%
I've
63%
Starting
63%
might
62%
play
60%
believes
58%
loud
58%
them
52%
deep
46%
too
46%
fire
43%
Verse 2:Losing
42%
about
41%
friends
41%
it's
41%
Yeah
40%
chasing
39%
worried
39%
been
38%
home
38%
miss
38%
Everybody's
37%
sleep
37%
there's
37%
two
37%
years
37%
bones
32%
burnng
6%

Score Distribution

Percentile by Number Answered

Percent of People with Each Score

Your Score History

You have not taken this quiz